000 00505nam a2200169 i 4500
001 56012
003 ES-MaACL
005 20230906163252.0
007 t|
008 031001s1969 sp ||||1| spa d
100 1 _aDíaz Mozaz, José María.
_9203181
245 1 0 _aCuras de ayer, curas de mañana
_b: vocación, ministerio, comunidad /
_cJosé María Díaz Mozaz.
260 _aMadrid :
_bMarova,
_c[1969]
300 _a174 p. ;
_c21 cm.
852 _aES-MaACL
_jC-36970
_bR.69410
999 _c56012
_d56012